Mobile Video Surveillance / (Record no. 212145)

000 -LEADER
fixed length control field 00789 a2200193 4500
003 - CONTROL NUMBER IDENTIFIER
control field NUST
005 - DATE AND TIME OF LATEST TRANSACTION
control field 20251216134138.0
040 ## - CATALOGING SOURCE
Transcribing agency Nust
082 ## - DEWEY DECIMAL CLASSIFICATION NUMBER
Classification number 621.382,KHA
100 ## - MAIN ENTRY--PERSONAL NAME
Personal name Zanib Khalid (TCC-22)
9 (RLIN) 132327
245 ## - TITLE STATEMENT
Title Mobile Video Surveillance /
Statement of responsibility, etc. Zanib Khalid, Zunaira Sajjad, Samoona Aslam and Jovaria Maqsood TCC-22
260 ## - PUBLICATION, DISTRIBUTION, ETC.
Place of publication, distribution, etc. Rawalpindi
Name of publisher, distributor, etc. MCS (NUST)
Date of publication, distribution, etc. June 2014
300 ## - PHYSICAL DESCRIPTION
Extent xvi:121 p.;
505 ## - FORMATTED CONTENTS NOTE
Formatted contents note Introduction (Page-1), Literature Review (Page-3), Technology Requirements (Page-7), Design and Development (Page-17), Project Analysis and Evaluation (Page-32), Future Work and Conclusion (Page-46), Bibliography (Page-50).
650 ## - SUBJECT ADDED ENTRY--TOPICAL TERM
Topical term or geographic name entry element UG Project
9 (RLIN) 131132
651 ## - SUBJECT ADDED ENTRY--GEOGRAPHIC NAME
Geographic name TCC-22
9 (RLIN) 131223
700 ## - ADDED ENTRY--PERSONAL NAME
Personal name Supervised by Lec Intisar Rizwan-i-Haque
9 (RLIN) 132301
942 ## - ADDED ENTRY ELEMENTS (KOHA)
Koha item type Project Report
Source of classification or shelving scheme
Holdings
Withdrawn status Lost status Source of classification or shelving scheme Damaged status Not for loan Permanent Location Current Location Shelving location Date acquired Full call number Barcode Date last seen Price effective from Koha item type Public note
          Military College of Signals (MCS) Military College of Signals (MCS) Reference 12/12/2016 621.382,KHA MCSPTC-209 12/08/2016 12/12/2016 Project Report Almirah No. 94, Shelf No. 4
© 2023 Central Library, National University of Sciences and Technology. All Rights Reserved.